00433nam a22001457a 4500008004100000020001800041040005500059080001700114245003700131260004600168300001700214650001600231653001500247700002500262230627b |||||||| |||| 00| 0 eng d a0-19-860171-9 aNational Science LibrarycNational Science Library aR 030 bN7;1 aOxford dictionary and thesaurus  aOxford: bOxford University Press, c1997 axxiv, 1874p. aDictionary  aThesaurus  aTulloch, Sara (Ed.)